000 01287nam a2200361 i 4500
999 _c65806
_d65806
001 768714001
003 CO-MdFUSB
005 20200423161123.0
007 ta
008 680926t1969 nyu b 001 0 eng
010 _a68017519
020 _a[No incluye ISBN]
040 _aDLC
_beng
_cCO-MdFUSB
_dm.c.
_dCO-MdFUSB
_dm/c
_erda
041 _aeng
082 _223
_a224
_bS428
100 1 _aScott, R. B. Y.
_d1899-
_eautor
245 1 4 _aThe relevance of the prophets
_c/ R. B. Y. Scott.
250 _aedición revisada
264 1 _aNew York :
_bMacmillan,
_c[1969]
264 4 _c© 1969
300 _aviii, 248 páginas ;
_c20 cm.
336 _atexto
_btxt
_2rdacontent.
337 _asin mediación
_bn
_2rdamedia.
338 _avolumen
_bnc
_2rdacarrier.
504 _aIncluye referencias bibliográficas
505 _a¿Qué es la profecía? -- El mundo de los profetas -- Antecedentes y comienzos. -- La sucesión profética. -- La palabra profética. -- La teología de los profetas. -- Los profetas y la historia. -- Los profetas y el orden social. -- Religión profética. -- El relevancia de los profetas.
563 _aRústico
630 0 7 _aBiblia.
_pProfetas
942 _cBK
945 _aJTF-925